000 00528nam a2200181 i 4500
001 52329
003 ES-MaACL
005 20250917063036.0
007 t|
008 030828s1920 fr ||||1| fre d
100 1 _aDaudet, Alphonse,
_d1840-1897
_942799
245 1 0 _aLettres de Mon Moulin /
_cAlphonse Daudet.
250 _aEd. definitive.
260 _aParis :
_bEugéne Fasquelle,
_c1920 (
_fLibrairies-Imprimeries Reunies)
300 _a332 p. ;
_c19 cm.
852 _aES-MaACL
_jG-8766
999 _c52329
_d52329